Oblastná štruktúra ekonomiky ako faktor efektívneho rozvoja národného hospodárstva kandidátska dizertačná práca
Saved in:
| Main Author: | |
|---|---|
| Corporate Author: | |
| Other Authors: | |
| Format: | Book |
| Language: | Slovak |
| Published: |
Bratislava
1988
|
| Tags: |
No Tags, Be the first to tag this record!
|
MARC
| LEADER | 00000nam a2200000 4500 | ||
|---|---|---|---|
| 001 | c034013 | ||
| 005 | 20230116104801.4 | ||
| 041 | 0 | |a slo | |
| 044 | |a SK | ||
| 245 | 1 | 0 | |a Oblastná štruktúra ekonomiky ako faktor efektívneho rozvoja národného hospodárstva |b kandidátska dizertačná práca |c Elena Žárska ; vedúca práce Marta Hamalová |
| 264 | 1 | |a Bratislava |c 1988 | |
| 300 | |a 122 s. | ||
| 100 | 1 | |a Žárska, Elena, 1955- | |
| 700 | 1 | |a Hamalová, Marta | |
| 710 | 2 | |a Vysoká škola ekonomická v Bratislave. Národohospodárska fakulta | |